Catalog

Record Details

Catalog Search



In the kitchen. #3 / by J.C. Greenburg ; ... Read More

Series: Andrew lost ; 3

Available copies

  • 1 of 1 copy available at LARL/NWRL Consortium.

Current holds

0 current holds with 1 total copy.

Show Only Available Copies
Location Call Number / Copy Notes Barcode Shelving Location Status Due Date
Red Lake Falls Public Library j pb (Text) 35500005253602 Main Available -

Record details

  • ISBN: 0375812792
  • ISBN: 0375912797 (lib. bdg.)
  • ISBN: 0738365998
  • Physical Description: 80 p. : ill. ; 20 cm.
  • Publisher: New York : Random House, 2002.

Content descriptions

General Note:
"A stepping stone book."
Summary, etc.:
After being shrunk by a shrinking machine, ... Read More
Subject: Inventions > Fiction.
Size > Fiction.
Insects > Fiction.
Cousins > Fiction.
LDR 01523nam a22003858a 4500
00145747
003LARL_NWRL_CONSORTIUM
00520020604104849.0
008020530s2002 nyu b 000 1 eng
020 . ‡a0375812792
020 . ‡a0375912797 (lib. bdg.)
020 . ‡a0738365998
035 . ‡a(OCoLC)49935995
03500. ‡ilcmarc/BAY-1861/NWRLTECH
042 . ‡alcac
08200. ‡a[Fic] ‡221
099 . ‡aj GRE
1001 . ‡aGreenburg, J. C. ‡q(Judith C.) ‡0(LARL_NWRL_CONSORTIUM)132276
24510. ‡aIn the kitchen. ‡n#3 / ‡cby J.C. Greenburg ; illustrated by Debbie Palen.
260 . ‡aNew York : ‡bRandom House, ‡c2002.
300 . ‡a80 p. : ‡bill. ; ‡c20 cm.
4900 . ‡aAndrew lost ; ‡v3
500 . ‡a"A stepping stone book."
520 . ‡aAfter being shrunk by a shrinking machine, Alexander, his cousin Judy, and Thudd the robot encounter drain flies, a cockroach, and worse as they work their way through Mrs. Scuttle's house toward safety.
650 1. ‡aInventions ‡vFiction.
650 1. ‡aSize ‡vFiction.
650 1. ‡aInsects ‡vFiction.
650 1. ‡aCousins ‡vFiction. ‡0(LARL_NWRL_CONSORTIUM)164249
7001 . ‡aPalen, Debbie. ‡0(LARL_NWRL_CONSORTIUM)117272
901 . ‡a45747 ‡bOCLC ‡c45747 ‡tbiblio

Additional Resources